=LDR 00000nam 2200000 4500 =001 INLIS000000000051704 =005 20200723104850 =035 ##$$a 0010-1017000143 =007 ta =008 200723################g##########0#ind## =020 ##$$a 979-433-209-7 =082 ##$$a 2x7.36 =084 ##$$a 2x7.36 MER p =100 ##$$a Mernissi, Fatima =245 1#$$a Pemberontakan wanita : $b Peran intelektual kaum wanita dalam sejarah muslim /$c Fatima Mernissi =260 ##$$a Bandung :$b Mizan,$c 1999 =300 ##$$a 220 hlm ; $c 21 cm =650 #4$$a Falsafat Pendidikan =990 ##$$a 01201712669 =990 ##$$a 142.167/Pro-99